El centro de inversiones de la FAO.
Guardado en:
| Autor Corporativo: | |
|---|---|
| Formato: | Libro |
| Idioma: | Spanish |
| Publicado: |
Roma :
FAO,
[1996]
|
| Etiquetas: |
Agregar Etiqueta
Sin Etiquetas, Sea el primero en etiquetar este registro!
|
| LEADER | 00474nam a22001455a 4500 | ||
|---|---|---|---|
| 001 | EEA.libagro005313 | ||
| 005 | 20180907123428.0 | ||
| 008 | 130809s1996####it#a##########000#0#spa#d | ||
| 082 | 0 | 4 | |a 338.181 |
| 082 | 0 | 4 | |a 338.9 |
| 110 | 2 | |a Organización de las Naciones Unidas para la Agricultura y la Alimentación. | |
| 245 | 1 | 3 | |a El centro de inversiones de la FAO. |
| 260 | |a Roma : |b FAO, |c [1996] | ||
| 300 | |a 17 p. : |b il. ; |c 30 cm. | ||
| 859 | |a AR-BbBCA |b BIB. AGRONOMIA |h 338.181 |i F218-8 |p 1996/2610 | ||
